00749nam a22001817a 4500999001700000003000900017008004100026040007100067082002100138100003800159245007200197260002800269300002300297505012400320942001500444945000800459952010000467 c15028d15028AR-CdUCM190425b ||||| |||| 00| 0 spa d aMUNICIPALIDAD PROVINCIAL DEL CUSCOcBIBLIOTECA MUNICIPAL DEL CUSCO aC / 340.4 /bF65 aFlores Ponce de Leon, Waldo Frich aNecesidades de un reglamento para los juzgados de paz no letrados / aCusco :bUnsaac,c1980. a76 hojas ;c28 cm. aAntecedentes historicos de los juzgados -- Reglamento vigente de los juzgados de paz y la administración de justicia  2ddccTESIS awfj 002ddc4070aSCAbSCAcCARTd2019-04-25g30.00oC / 340.4 / F65pSCA0003371r2019-04-25yTESIS